О содержаниях платины в пластах Кузнецких углей; Современные проблемы геологии и разведки полезных ископаемых

Bibliografske podrobnosti
Parent link:Современные проблемы геологии и разведки полезных ископаемых.— 2010.— С. 358-359
Glavni avtor: Нифантов Б. Ф.
Drugi avtorji: Анферов Б. А., Кузнецова Л. В.
Izvleček:Проведенные исследования показывают устойчивые повышенные концентрации рения в рудах золоторудных месторождений, локализованных в черносланцевых толщах различных регионов. Поэтому необходимо проведение ревизионных работ на законсервированных, работающих и вновь открываемых золоторудных месторождениях на обнаружение в них промышленных концентраций рения и последующего комплексного освоения месторождений.
Jezik:ruščina
Izdano: 2010
Teme:
Format: MixedMaterials Book Chapter
KOHA link:https://koha.lib.tpu.ru/cgi-bin/koha/opac-detail.pl?biblionumber=222358

MARC

LEADER 00000naa2a2200000 4500
001 222358
005 20231031200020.0
035 |a (RuTPU)RU\TPU\book\242563 
035 |a RU\TPU\book\242558 
090 |a 222358 
100 |a 20120923d k y0rusy50 ca 
101 0 |a rus 
102 |a RU 
200 1 |a О содержаниях платины в пластах Кузнецких углей  |f Б. Ф. Нифантов, Б. А. Анферов, Л. В. Кузнецова 
320 |a Библиогр.: с. 359 (1 назв.) 
330 |a Проведенные исследования показывают устойчивые повышенные концентрации рения в рудах золоторудных месторождений, локализованных в черносланцевых толщах различных регионов. Поэтому необходимо проведение ревизионных работ на законсервированных, работающих и вновь открываемых золоторудных месторождениях на обнаружение в них промышленных концентраций рения и последующего комплексного освоения месторождений. 
463 1 |0 (RuTPU)RU\TPU\book\229483  |y 978-5-98298-728-0  |t Современные проблемы геологии и разведки полезных ископаемых  |o международная конференция, посвященная 80-летию основания в Томском политехническом университете первой в азиатской части России кафедры "Разведочное дело", Томск, 5-8 октября 2010 г.  |o материалы научной конференции  |f Национальный исследовательский Томский политехнический университет (ТПУ) ; Российский фонд фундаментальных исследований (РФФИ) ; Российская академия наук (РАН), Сибирское отделение (СО), Институт геологии и минералогии ; Российское геологическое общество (РосГео)  |v С. 358-359  |d 2010  |p 639 с. 
610 1 |a труды учёных ТПУ 
700 1 |a Нифантов  |b Б. Ф. 
701 1 |a Анферов  |b Б. А. 
701 1 |a Кузнецова  |b Л. В. 
801 1 |a RU  |b 63413507  |c 20120517 
801 2 |a RU  |b 63413507  |c 20130115  |g RCR 
942 |c BK